| 000 | 00708nam a2200229 4500 | ||
|---|---|---|---|
| 003 | OSt | ||
| 005 | 20240718031543.0 | ||
| 006 | a | ||
| 008 | 240718b |||||||| |||| 00| 0 eng d | ||
| 020 | _a1591391660 | ||
| 040 |
_aDWCL-Main lib. _cOC |
||
| 082 | _aCirc. 658.4092 K29b 2004 | ||
| 100 | _aKellerman, Barbara | ||
| 245 | _aBad leadership : what it is, how it happens, why it matters / | ||
| 260 |
_aBoston : _bHarvard Business School Press, _cc2004. |
||
| 300 |
_axvi, _b282 p. ; _c24 cm. |
||
| 504 | _aIncludes bibliographical references & index. | ||
| 650 | _a1. Leadership. | ||
| 650 | _a2. Decision making. | ||
| 650 | _a3. Personality and occupation. | ||
| 942 |
_2ddc _n0 _cBK-CIRC _kCirc. |
||
| 999 |
_c2355 _d2355 |
||